| 000 | 00775cam a2200253 a 4500 | ||
|---|---|---|---|
| 001 | 15579718 | ||
| 005 | 20260422155001.0 | ||
| 008 | 090108s2010 maua 001 0 eng | ||
| 020 | _a9780205570690 | ||
| 020 | _a0205570690 | ||
| 050 | 0 | 0 |
_aHA29 _b.L388 2010 |
| 082 | 0 | 0 |
_a519.5024/3 _222 |
| 100 | 1 |
_aLevin, Jack, _d1941- |
|
| 245 | 1 | 0 |
_aElementary statistics in social research / _cJack Levin, James Alan Fox, David R. Forde. |
| 250 | _a11th ed. | ||
| 260 |
_aBoston : _bAllyn & Bacon Pearson, _cc2010. |
||
| 300 |
_axiv, 554 p. : _bill. ; _c24 cm. |
||
| 500 | _aIncludes index. | ||
| 650 | 0 |
_aSocial sciences _xStatistical methods. |
|
| 650 | 0 | _aStatistics. | |
| 700 | 1 | _aFox, James Alan. | |
| 700 | 1 |
_aForde, David R. _q(David Robert), _d1959- |
|
| 942 |
_2lcc _cBK _n0 |
||
| 999 |
_c9524 _d9524 |
||